000 00603cam a2200145 4500500
005 20251228083035.0
041 _afre
042 _adc
100 1 0 _aQuantin, Jean-Louis
_eauthor
245 0 0 _aÉtienne Baluze, 1630-1718. Érudition et pouvoirs dans l’Europe classique, sous la dir. de Jean Boutier, Limoges, Presses universitaires de Limoges, 2008, 380 p.
260 _c2011.
500 _a46
786 0 _nDix-septième siècle | 253 | 4 | 2011-12-21 | p. 791c-797c | 0012-4273
856 4 1 _uhttps://shs.cairn.info/revue-dix-septieme-siecle-2011-4-page-791c?lang=fr&redirect-ssocas=7080
999 _c1600408
_d1600408